Workshop on zoning systems for protected areas in Peninsular Malaysia : Towards sustainable management of biological resources: Department of Wildlife and National Parks, 22-23 April, 1999
Na minha lista:
| Formato: | Livro |
|---|---|
| Idioma: | Undetermined |
| Publicado em: |
Malaysia
World Earth Day
1999
|
| Assuntos: | |
| Tags: |
Adicionar Tag
Sem tags, seja o primeiro a adicionar uma tag!
|
| Thư viện lưu trữ: | Trung tâm Học liệu Trường Đại học Cần Thơ |
|---|
| LEADER | 00654nam a2200193Ia 4500 | ||
|---|---|---|---|
| 001 | CTU_160576 | ||
| 008 | 210402s9999 xx 000 0 und d | ||
| 082 | |a 341.762 | ||
| 082 | |b W926 | ||
| 245 | 0 | |a Workshop on zoning systems for protected areas in Peninsular Malaysia : | |
| 245 | 0 | |b Towards sustainable management of biological resources: Department of Wildlife and National Parks, 22-23 April, 1999 | |
| 245 | 0 | |c DWNP/DANCED | |
| 260 | |a Malaysia | ||
| 260 | |b World Earth Day | ||
| 260 | |c 1999 | ||
| 650 | |a Conservation of natural resources | ||
| 650 | |z Malaysia | ||
| 904 | |i Giang | ||
| 980 | |a Trung tâm Học liệu Trường Đại học Cần Thơ | ||